Library Logo

Pioneer International University Library Catalogue

HATOSHEKI (Record no. 9621)

MARC details
000 -LEADER
fixed length control field 00369nam a22001457a 4500
003 - CONTROL NUMBER IDENTIFIER
control field OSt
005 - DATE AND TIME OF LATEST TRANSACTION
control field 20251015094936.0
008 - FIXED-LENGTH DATA ELEMENTS--GENERAL INFORMATION
fixed length control field 251015b |||||||| |||| 00| 0 eng d
020 ## - INTERNATIONAL STANDARD BOOK NUMBER
International Standard Book Number 9789966102607
040 ## - CATALOGING SOURCE
Transcribing agency KENYA LITERATURE BUREAU
050 ## - LIBRARY OF CONGRESS CALL NUMBER
Classification number PL 8704 .K37 2014
245 ## - TITLE STATEMENT
Title HATOSHEKI
Statement of responsibility, etc. KASIMINGI, HASSAN
260 ## - PUBLICATION, DISTRIBUTION, ETC.
Place of publication, distribution, etc. NAIROBI, KENYA
Name of publisher, distributor, etc. KLB
Date of publication, distribution, etc. 2014
942 ## - ADDED ENTRY ELEMENTS (KOHA)
Source of classification or shelving scheme Library of Congress Classification
Koha item type Books
Suppress in OPAC No

No items available.